000 00922nam a22002297a 4500
003 OSt
005 20221213111859.0
008 120612t xxu||||| |||| 00| 0 eng d
020 _a9781936948000
022 _21936948001
040 _cWIUC GH
050 _aHG179.R18
100 _aRamsey, Dave
_9849
245 _aFoundations in personal finance ./
_cDave Ramsey
250 _aCollege ed.
260 _aBrentwood :
_bLampo Group,
_c2011.
300 _axivi, 316 p.:
_bill.;
_c28cm.
500 _aIncludes index.
505 _aContents: Mastering the basics: Savings -- Budgets -- Debt -- College student essentials -- Family, friends and philanthropy -- Developing your skills: Consumer awareness -- Bargains -- Credit bureaus -- Insurance -- Considering the future: Investments -- Retirement and saving plans -- Real estate -- Student resources: financial forms --
650 _aFinance.
_9721
942 _2lcc
_cBK
999 _c9351
_d16851